| 000 | 00000nam##2200000za#4500 |
| 001 | 9.697769 |
| 003 | CaOODSP |
| 005 | 20210624235628 |
| 007 | cr ||||||||||| |
| 008 | 150407|2000||||xxc|||||o f|0| 0 eng|d |
| 040 | |aCaOODSP|beng |
| 043 | |an-cn--- |
| 086 | 1 |aRH64-28/2000E-PDF |
| 110 | 1 |aCanada.|bHuman Resources Development Canada. |bStrategic Policy. |
| 245 | 10|aAdult literacy - policies, programs and practices : |h[electronic resource]|blessons learned - final report / |c[by] Evaluation and Data Development. |
| 260 | |aOttawa - Ontario : |bHuman Resources Development Canada. |cMarch 2003. |
| 300 | |a38p.|breferences |
| 590 | |a13-12-Supp|b2013-05-10 |
| 690 | 07|aLiteracy|2gcpds |
| 690 | 07|aAdults|2gcpds |
| 775 | 08|tAlphabétisation des adultes - politiques, programmes et pratiques : |w(CaOODSP)9.641815 |
| 856 | 40|ahttp://publications.gc.ca|qPDF|s71 KB|uhttps://publications.gc.ca/collections/collection_2013/rhdcc-hrsdc/RH64-28-2000-eng.pdf |
| 986 | |aSP-AH113E-03-00 |